Preliminary list of New York Unionidae, (Record no. 24579)

MARC details
000 -LEADER
fixed length control field 00777cam a22002411 4500
001 - CONTROL NUMBER
control field gs 07000448
003 - CONTROL NUMBER IDENTIFIER
control field DLC
005 - DATE AND TIME OF LATEST TRANSACTION
control field 20260227111305.0
008 - FIXED-LENGTH DATA ELEMENTS--GENERAL INFORMATION
fixed length control field 790306s1892 nyu s000 0 eng
010 ## - LIBRARY OF CONGRESS CONTROL NUMBER
LC control number gs 07000448
035 ## - SYSTEM CONTROL NUMBER
System control number (OCoLC)4714854
040 ## - CATALOGING SOURCE
Original cataloging agency DLC
Transcribing agency UU
Modifying agency NBrockU
-- DLC
042 ## - AUTHENTICATION CODE
Authentication code premarc
050 00 - LIBRARY OF CONGRESS CALL NUMBER
Classification number QL430.7.U6
Item number M45
100 1# - MAIN ENTRY--PERSONAL NAME
Personal name Marshall, William Blanchard.
245 10 - TITLE STATEMENT
Title Preliminary list of New York Unionidae,
Statement of responsibility, etc. by William B. Marshall ...
260 ## - PUBLICATION, DISTRIBUTION, ETC.
Place of publication, distribution, etc. Albany,
Name of publisher, distributor, etc. University of the state of New York,
Date of publication, distribution, etc. 1892.
300 ## - PHYSICAL DESCRIPTION
Extent [3]-17 p.
Dimensions 23 cm.
440 #0 - SERIES STATEMENT/ADDED ENTRY--TITLE
Title Bulletin of the New York State Museum,
Volume/sequential designation v. 1, no. 1
500 ## - GENERAL NOTE
General note Cover title.
650 #0 - SUBJECT ADDED ENTRY--TOPICAL TERM
Topical term or geographic name entry element Unionidae.
830 #0 - SERIES ADDED ENTRY--UNIFORM TITLE
Uniform title Bulletin of the New York State Museum of Natural History ;
Volume/sequential designation v. 1, no. 1.

No items available.

Powered by Koha